Zhodnotenie finančnej situácie Českej podnikateľskej pojišťovny, a.s. Vienna Insurance Group v období 2003-2010

Finančná analýza Českej podnikateľskej pojišťovny, a.s. Vienna Insurance Group za roky 2003-2010,

Na minha lista:
Detalhes bibliográficos
Autor principal: Lukáč, Miroslav
Outros Autores: Kafková, Eva
Formato: Capítulo de Livro
Idioma:eslovaco
Assuntos:
Tags: Adicionar Tag
Sem tags, seja o primeiro a adicionar uma tag!

MARC

LEADER 00000naa a2200000 4500
001 0146992
005 20240502083340.0
041 0 |a slo 
044 |a CZ 
245 1 0 |a Zhodnotenie finančnej situácie Českej podnikateľskej pojišťovny, a.s. Vienna Insurance Group v období 2003-2010  |c Miroslav Lukáč, Eva Kafková 
520 |a Finančná analýza Českej podnikateľskej pojišťovny, a.s. Vienna Insurance Group za roky 2003-2010, 
610 2 0 |a analýza finančná 
610 2 0 |a poisťovne 
610 2 0 |a Česko 
610 2 0 |a rentabilita 
610 2 0 |a investície 
610 2 0 |a ukazovatele finančné 
610 2 0 |a rezervy technické 
100 1 |a Lukáč, Miroslav 
700 1 |a Kafková, Eva